The Gothic world, 1100-1600; (Record no. 76637)
[ view plain ]
| 000 -LEADER | |
|---|---|
| fixed length control field | 00970cam a22003131 4500 |
| 001 - CONTROL NUMBER | |
| control field | 76637 |
| 003 - CONTROL NUMBER IDENTIFIER | |
| rucl marc code | BD-RjUL |
| 005 - DATE AND TIME OF LATEST TRANSACTION | |
| control field | 20211209082852.0 |
| 008 - FIXED-LENGTH DATA ELEMENTS--GENERAL INFORMATION | |
| fixed length control field | 191229s1950 enkab b 000 0 eng |
| 035 ## - SYSTEM CONTROL NUMBER | |
| System control number | (BD-RjUL)76861 |
| System control number | (OCoLC)813010 |
| 040 ## - CATALOGING SOURCE | |
| Original cataloging agency | DLC |
| Transcribing agency | MeWC |
| Modifying agency | OCoLC |
| -- | Uk |
| -- | DLC |
| Language of cataloging | eng |
| 041 ## - LANGUAGE CODE | |
| Language code of text/sound track or separate title | eng |
| 042 ## - AUTHENTICATION CODE | |
| Authentication code | premarc |
| 082 ## - DEWEY DECIMAL CLASSIFICATION NUMBER | |
| Classification number | 723.5 |
| Edition number | 22 |
| Author mark and year | HAG 1950 |
| 100 1# - MAIN ENTRY--PERSONAL NAME | |
| Personal name | Harvey, John, |
| Dates associated with a name | 1911-1997. |
| 9 (RLIN) | 237079 |
| 245 14 - TITLE STATEMENT | |
| Title | The Gothic world, 1100-1600; |
| Remainder of title | a survey of architecture and art. / |
| Statement of responsibility, etc. | John Harvey, |
| 260 ## - PUBLICATION, DISTRIBUTION, ETC. (IMPRINT) | |
| Place of publication, distribution, etc. | London; |
| -- | New York : |
| Name of publisher, distributor, etc. | Batsford |
| Date of publication, distribution, etc. | [1950] |
| 300 ## - PHYSICAL DESCRIPTION | |
| Pagination | xii, 160 p. : |
| Illustrations | illus., maps. ; |
| Size | 27 cm. |
| 504 ## - BIBLIOGRAPHY, ETC. NOTE | |
| Bibliography, etc | Bibliography: p. 133-136. |
| 650 #0 - SUBJECT ADDED ENTRY--TOPICAL TERM | |
| Topical term or geographic name as entry element | Art, Gothic. |
| 9 (RLIN) | 237081 |
| Topical term or geographic name as entry element | Architecture, Gothic. |
| 9 (RLIN) | 237082 |
| 906 ## - LOCAL DATA ELEMENT F, LDF (RLIN) | |
| a | 7 |
| b | cbc |
| c | oclcrpl |
| d | u |
| e | ncip |
| f | 19 |
| g | y-gencatlg |
| 942 ## - ADDED ENTRY ELEMENTS (KOHA) | |
| Source of classification or shelving scheme | Dewey Decimal Classification |
| Koha item type | Books |
| Lost status | Source of classification or shelving scheme | Damaged status | Not for loan | Collection code | Permanent Location | Current Location | Shelving location | Date acquired | Source of acquisition | Cost, normal purchase price | Total Checkouts | Full call number | Date last seen | Copy number | Koha item type |
|---|---|---|---|---|---|---|---|---|---|---|---|---|---|---|---|
| Dewey Decimal Classification | Not For Loan | Non-fiction | Central Library, University of Rajshahi | Central Library, University of Rajshahi | Reading Room | 01/08/1957 | A.B.C. | 19.00 | 723.5 HAG 1950 | 29/12/2019 | C-1 | Books |